000 00710cam a2200157 4500500
005 20260322004100.0
041 _afre
042 _adc
100 1 0 _aRivet de Sabatier, Philippe
_eauthor
245 0 0 _aGrégoire Biasini et Karine Berger Quand la France se détourne de la science Odile Jacob, 2025, 224 pages, 22,90 €.
260 _c2026.
500 _a39
520 _aAlors que l’Art déco fête ses cent ans, plusieurs expositions à Paris et en région reviennent sur la singularité et le rayonne– ment de ce mouvement.
786 0 _nÉtudes | 4335 | 3 | 2026-02-25 | p. 123-123 | 0014-1941
856 4 1 _uhttps://shs.cairn.info/revue-etudes-2026-3-page-123?lang=fr&redirect-ssocas=7080
999 _c1737219
_d1737219